000 00401nam a2200181Ia 4500
008 220531s9999 xx 000 0 und d
041 _aeng
082 _bBAC
100 _aBach, R.
_966117
245 _aOne: A Novel
250 _a1ST
260 _alondon
_bpan books
_c1988
300 _a284
542 _d28-03-2014
650 _aGeneral
_966118
906 _d2013-2014
999 _c37384
_d37384